000 00359 a2200157 4500
001 45069
020 _a8576750473
040 _cAnchieta - Aquarius
100 _aElme, Lauro
240 1 0 _a=Os estranhos anões-gigantes
_lpor
245 1 0 _a=Os estranhos anões-gigantes
300 _a159
362 0 _a2006
650 4 _aLiteratura brasileira
942 _cBK
999 _c45069
_d45069